[Event "9th Vellmar Chess Days"]
[Site "chess24.com"]
[Date "2017.07.14"]
[Round "2"]
[White "Lange, Lars"]
[Black "Lehnert, Michael"]
[Result "0-1"]
[Board "49"]
[WhiteElo "1733"]
[WhiteCountry "GER"]
[WhiteFideId "16217900"]
[WhiteEloChange "-6"]
[BlackElo "1899"]
[BlackCountry "GER"]
[BlackFideId "4610210"]
[BlackEloChange "6"]

1. d4 {[%clk 1:30:30]} f5 {[%clk 1:30:30]} 2. Nf3 {[%clk 1:30:30]} Nf6 {[%clk
1:30:30]} 3. g3 {[%clk 1:30:30]} b6 {[%clk 1:30:30]} 4. Bg2 {[%clk 1:30:30]} Bb7
{[%clk 1:30:30]} 5. O-O {[%clk 1:30:30]} e6 {[%clk 1:30:30]} 6. c4 {[%clk
1:30:30]} Be7 {[%clk 1:30:30]} 7. Nc3 {[%clk 1:30:30]} O-O {[%clk 1:30:30]} 8. b3
{[%clk 1:30:30]} Ne4 {[%clk 1:30:30]} 9. Bb2 {[%clk 1:30:30]} Bf6 {[%clk
1:30:30]} 10. Nd2 {[%clk 1:30:30]} Nxc3 {[%clk 1:30:30]} 11. Bxc3 {[%clk
1:30:30]} Bxg2 {[%clk 1:30:30]} 12. Kxg2 {[%clk 1:30:30]} c5 {[%clk 1:30:30]} 13.
e3 {[%clk 1:30:30]} d5 {[%clk 1:30:30]} 14. Nf3 {[%clk 1:30:30]} Nc6 {[%clk
1:30:30]} 15. Rc1 {[%clk 1:30:30]} dxc4 {[%clk 1:30:30]} 16. dxc5 {[%clk
1:30:30]} e5 {[%clk 1:30:30]} 17. bxc4 {[%clk 1:30:30]} Qxd1 {[%clk 1:30:30]} 18.
Rfxd1 {[%clk 1:30:30]} bxc5 {[%clk 1:30:30]} 19. Rd5 {[%clk 1:30:30]} e4 {[%clk
1:30:30]} 20. Ne5 {[%clk 1:30:30]} Bxe5 {[%clk 1:30:30]} 21. Bxe5 {[%clk
1:30:30]} Nb4 {[%clk 1:30:30]} 22. Rd7 {[%clk 1:30:30]} Rf7 {[%clk 1:30:30]} 23.
Rxf7 {[%clk 1:30:30]} Kxf7 {[%clk 1:30:30]} 24. Bd6 {[%clk 1:30:30]} Ke6 {[%clk
1:30:30]} 25. Bc7 {[%clk 1:30:30]} Nxa2 {[%clk 1:30:30]} 26. Ra1 {[%clk 1:30:30]}
Nb4 {[%clk 1:30:30]} 27. Bb6 {[%clk 1:30:30]} Nd3 {[%clk 1:30:30]} 28. Rxa7
{[%clk 1:30:30]} Rb8 {[%clk 1:30:30]} 29. Ba5 {[%clk 1:30:30]} Rb2 {[%clk
1:30:30]} 30. Rxg7 {[%clk 1:30:30]} Nxf2 {[%clk 1:30:30]} 31. Rxh7 {[%clk
1:30:30]} Ng4+ {[%clk 1:30:30]} 32. Kg1 {[%clk 1:30:30]} Rb1+ {[%clk 1:30:30]}
33. Kg2 {[%clk 1:30:30]} Nxe3+ {[%clk 1:30:30]} 34. Kf2 {[%clk 1:30:30]} Nxc4
{[%clk 1:30:30]} 35. Bc7 {[%clk 1:30:30]} Rb2+ {[%clk 1:30:30]} 36. Ke1 {[%clk
1:30:30]} e3 {[%clk 1:30:30]} 37. Bf4 {[%clk 1:30:30]} Kd5 {[%clk 1:30:30]} 38.
Re7 {[%clk 1:30:30]} Kd4 {[%clk 1:30:30]} 39. h4 {[%clk 1:30:30]} Rh2 {[%clk
1:30:30]} 40. Rd7+ {[%clk 1:30:30]} Ke4 {[%clk 1:30:30]} 41. Re7+ {[%clk
1:30:30]} Kf3 {[%clk 1:30:30]} 42. Kd1 {[%clk 1:30:30]} e2+ {[%clk 1:30:30]} 0-1

[Event "9th Vellmar Chess Days"]
[Site "chess24.com"]
[Date "2017.07.14"]
[Round "2"]
[White "Toval, David"]
[Black "Bajorski, Marius"]
[Result "0-1"]
[Board "51"]
[WhiteElo "1733"]
[WhiteCountry "GER"]
[WhiteFideId "12992755"]
[WhiteEloChange "-6"]
[BlackElo "1896"]
[BlackCountry "GER"]
[BlackFideId "12938831"]
[BlackEloChange "6"]

1. e4 {[%clk 1:30:30]} e5 {[%clk 1:30:30]} 2. Nf3 {[%clk 1:30:30]} Nc6 {[%clk
1:30:30]} 3. Bb5 {[%clk 1:30:30]} a6 {[%clk 1:30:30]} 4. Ba4 {[%clk 1:30:30]} Nf6
{[%clk 1:30:30]} 5. O-O {[%clk 1:30:30]} Be7 {[%clk 1:30:30]} 6. Re1 {[%clk
1:30:30]} b5 {[%clk 1:30:30]} 7. Bb3 {[%clk 1:30:30]} O-O {[%clk 1:30:30]} 8. h3
{[%clk 1:30:30]} Re8 {[%clk 1:30:30]} 9. Ng5 {[%clk 1:30:30]} Rf8 {[%clk
1:30:30]} 10. c3 {[%clk 1:30:30]} d5 {[%clk 1:30:30]} 11. exd5 {[%clk 1:30:30]}
Nxd5 {[%clk 1:30:30]} 12. Qf3 {[%clk 1:30:30]} Be6 {[%clk 1:30:30]} 13. Nxe6
{[%clk 1:30:30]} fxe6 {[%clk 1:30:30]} 14. Qg4 {[%clk 1:30:30]} Rf6 {[%clk
1:30:30]} 15. d4 {[%clk 1:30:30]} Rg6 {[%clk 1:30:30]} 16. Qh5 {[%clk 1:30:30]}
Bg5 {[%clk 1:30:30]} 17. Bc2 {[%clk 1:30:30]} Bxc1 {[%clk 1:30:30]} 18. Bxg6
{[%clk 1:30:30]} hxg6 {[%clk 1:30:30]} 19. Qxg6 {[%clk 1:30:30]} Nf4 {[%clk
1:30:30]} 20. Qc2 {[%clk 1:30:30]} Qg5 {[%clk 1:30:30]} 21. g3 {[%clk 1:30:30]}
Rf8 {[%clk 1:30:30]} 22. Rf1 {[%clk 1:30:30]} exd4 {[%clk 1:30:30]} 23. Na3
{[%clk 1:30:30]} d3 {[%clk 1:30:30]} 24. Qb3 {[%clk 1:30:30]} Rf6 {[%clk
1:30:30]} 25. h4 {[%clk 1:30:30]} Qg4 {[%clk 1:30:30]} 26. Raxc1 {[%clk 1:30:30]}
Qh3 {[%clk 1:30:30]} 0-1

[Event "9th Vellmar Chess Days"]
[Site "chess24.com"]
[Date "2017.07.14"]
[Round "2"]
[White "Seepe, Uwe"]
[Black "Zaerban, Jan Christopher"]
[Result "1-0"]
[Board "53"]
[WhiteElo "1662"]
[WhiteCountry "GER"]
[WhiteFideId "12992585"]
[WhiteEloChange "16"]
[BlackElo "1890"]
[BlackCountry "GER"]
[BlackFideId "4660277"]
[BlackEloChange "-16"]

1. d4 {[%clk 1:30:30]} Nf6 {[%clk 1:30:30]} 2. Nf3 {[%clk 1:30:30]} c5 {[%clk
1:30:30]} 3. e3 {[%clk 1:30:30]} cxd4 {[%clk 1:30:30]} 4. exd4 {[%clk 1:30:30]}
d5 {[%clk 1:30:30]} 5. Bd3 {[%clk 1:30:30]} Bg4 {[%clk 1:30:30]} 6. O-O {[%clk
1:30:30]} Nc6 {[%clk 1:30:30]} 7. c3 {[%clk 1:30:30]} e6 {[%clk 1:30:30]} 8. Nbd2
{[%clk 1:30:30]} Bd6 {[%clk 1:30:30]} 9. Re1 {[%clk 1:30:30]} O-O {[%clk
1:30:30]} 10. Qc2 {[%clk 1:30:30]} Qc7 {[%clk 1:30:30]} 11. h3 {[%clk 1:30:30]}
Bh5 {[%clk 1:30:30]} 12. Ng5 {[%clk 1:30:30]} Bg6 {[%clk 1:30:30]} 13. Bxg6
{[%clk 1:30:30]} hxg6 {[%clk 1:30:30]} 14. Nb3 {[%clk 1:30:30]} b5 {[%clk
1:30:30]} 15. Nc5 {[%clk 1:30:30]} Qe7 {[%clk 1:30:30]} 16. Be3 {[%clk 1:30:30]}
Na5 {[%clk 1:30:30]} 17. b4 {[%clk 1:30:30]} Nc4 {[%clk 1:30:30]} 18. Qd3 {[%clk
1:30:30]} a5 {[%clk 1:30:30]} 19. Bc1 {[%clk 1:30:30]} axb4 {[%clk 1:30:30]} 20.
cxb4 {[%clk 1:30:30]} Ra7 {[%clk 1:30:30]} 21. Re2 {[%clk 1:30:30]} Rfa8 {[%clk
1:30:30]} 22. Ncxe6 {[%clk 1:30:30]} fxe6 {[%clk 1:30:30]} 23. Rxe6 {[%clk
1:30:30]} Qf8 {[%clk 1:30:30]} 24. Qxg6 {[%clk 1:30:30]} Rxa2 {[%clk 1:30:30]}
25. Rxa2 {[%clk 1:30:30]} Rxa2 {[%clk 1:30:30]} 26. Qb1 {[%clk 1:30:30]} Ra4
{[%clk 1:30:30]} 27. g3 {[%clk 1:30:30]} Rxb4 {[%clk 1:30:30]} 28. Qf5 {[%clk
1:30:30]} Ra4 {[%clk 1:30:30]} 29. Rxf6 {[%clk 1:30:30]} Qxf6 {[%clk 1:30:30]}
30. Qxd5+ {[%clk 1:30:30]} Kh8 {[%clk 1:30:30]} 31. Nf7+ {[%clk 1:30:30]} Kh7
{[%clk 1:30:30]} 32. Ng5+ {[%clk 1:30:30]} Kg6 {[%clk 1:30:30]} 33. Qxb5 {[%clk
1:30:30]} Ra1 {[%clk 1:30:30]} 34. Qe8+ {[%clk 1:30:30]} Kh6 {[%clk 1:30:30]} 35.
Qh8+ {[%clk 1:30:30]} Kg6 {[%clk 1:30:30]} 36. Qh7# {[%clk 1:30:30]} 1-0

[Event "9th Vellmar Chess Days"]
[Site "chess24.com"]
[Date "2017.07.14"]
[Round "2"]
[White "Helmer, Jan"]
[Black "Sakhra, Roman"]
[Result "1-0"]
[Board "54"]
[WhiteElo "1889"]
[WhiteCountry "GER"]
[WhiteFideId "12956686"]
[WhiteEloChange "2"]
[BlackElo "1472"]
[BlackCountry "GER"]
[BlackFideId "16227590"]
[BlackEloChange "-2"]

1. d4 {[%clk 1:30:30]} d5 {[%clk 1:30:30]} 2. Nf3 {[%clk 1:30:30]} Nf6 {[%clk
1:30:30]} 3. e3 {[%clk 1:30:30]} Bf5 {[%clk 1:30:30]} 4. c4 {[%clk 1:30:30]} c6
{[%clk 1:30:30]} 5. Qb3 {[%clk 1:30:30]} Qb6 {[%clk 1:30:30]} 6. c5 {[%clk
1:30:30]} Qc7 {[%clk 1:30:30]} 7. Nc3 {[%clk 1:30:30]} Nbd7 {[%clk 1:30:30]} 8.
Be2 {[%clk 1:30:30]} e6 {[%clk 1:30:30]} 9. O-O {[%clk 1:30:30]} Be7 {[%clk
1:30:30]} 10. Bd2 {[%clk 1:30:30]} O-O {[%clk 1:30:30]} 11. Rfc1 {[%clk 1:30:30]}
Ne4 {[%clk 1:30:30]} 12. Nxe4 {[%clk 1:30:30]} Bxe4 {[%clk 1:30:30]} 13. Qa4
{[%clk 1:30:30]} e5 {[%clk 1:30:30]} 14. b4 {[%clk 1:30:30]} a6 {[%clk 1:30:30]}
15. Qb3 {[%clk 1:30:30]} Bf6 {[%clk 1:30:30]} 16. Bc3 {[%clk 1:30:30]} exd4
{[%clk 1:30:30]} 17. exd4 {[%clk 1:30:30]} Qf4 {[%clk 1:30:30]} 18. Bd2 {[%clk
1:30:30]} Qg4 {[%clk 1:30:30]} 19. Be3 {[%clk 1:30:30]} Rfe8 {[%clk 1:30:30]} 20.
h3 {[%clk 1:30:30]} Qg6 {[%clk 1:30:30]} 21. a4 {[%clk 1:30:30]} Bf5 {[%clk
1:30:30]} 22. Kh2 {[%clk 1:30:30]} h6 {[%clk 1:30:30]} 23. g4 {[%clk 1:30:30]}
Be6 {[%clk 1:30:30]} 24. Bd3 {[%clk 1:30:30]} Be5+ {[%clk 1:30:30]} 25. Nxe5
{[%clk 1:30:30]} Qf6 {[%clk 1:30:30]} 26. f4 {[%clk 1:30:30]} Nxe5 {[%clk
1:30:30]} 27. fxe5 {[%clk 1:30:30]} Qf3 {[%clk 1:30:30]} 28. Rf1 {[%clk 1:30:30]}
1-0

[Event "9th Vellmar Chess Days"]
[Site "chess24.com"]
[Date "2017.07.14"]
[Round "3"]
[White "Meijers, Viesturs"]
[Black "Kroder, Johannes"]
[Result "1-0"]
[Board "1"]
[WhiteElo "2472"]
[WhiteTitle "GM"]
[WhiteCountry "LAT"]
[WhiteFideId "11600314"]
[WhiteEloChange "1"]
[BlackElo "2075"]
[BlackCountry "GER"]
[BlackFideId "24692930"]
[BlackEloChange "-2"]

1. c4 {[%clk 1:30:56]} e5 {[%clk 1:30:50]} 2. b3 {[%clk 1:31:05]} Nc6 {[%clk
1:30:46]} 3. Bb2 {[%clk 1:31:29]} Nf6 {[%clk 1:31:05]} 4. g3 {[%clk 1:31:45]} d5
{[%clk 1:29:32]} 5. cxd5 {[%clk 1:31:53]} Qxd5 {[%clk 1:25:45]} 6. Nf3 {[%clk
1:30:40]} e4 {[%clk 1:25:19]} 7. Nc3 {[%clk 1:31:03]} Qf5 {[%clk 1:21:33]} 8. Nh4
{[%clk 1:30:39]} Qe6 {[%clk 1:21:19]} 9. Ng2 {[%clk 1:26:41]} Bd6 {[%clk
1:19:43]} 10. Nb5 {[%clk 1:25:22]} O-O {[%clk 1:19:12]} 11. Nxd6 {[%clk 1:13:46]}
Qxd6 {[%clk 1:18:54]} 12. Ne3 {[%clk 1:12:23]} Ng4 {[%clk 1:16:44]} 13. Bg2
{[%clk 1:01:33]} Nxe3 {[%clk 1:15:39]} 14. dxe3 {[%clk 1:01:47]} Qe7 {[%clk
1:10:57]} 15. O-O {[%clk 1:00:20]} f5 {[%clk 1:07:38]} 16. Rc1 {[%clk 0:56:36]}
Rd8 {[%clk 1:07:00]} 17. Qc2 {[%clk 0:55:57]} Be6 {[%clk 1:07:25]} 18. Qc3 {[%clk
0:55:04]} Rd7 {[%clk 1:07:19]} 19. Rfd1 {[%clk 0:54:13]} Rad8 {[%clk 1:07:36]}
20. Rxd7 {[%clk 0:54:37]} Rxd7 {[%clk 1:07:25]} 21. a3 {[%clk 0:53:57]} a5 {[%clk
1:05:34]} 22. h4 {[%clk 0:53:21]} Qd6 {[%clk 1:04:57]} 23. g4 {[%clk 0:48:56]}
Qd2 {[%clk 1:02:34]} 24. gxf5 {[%clk 0:48:39]} Qxc3 {[%clk 1:02:54]} 25. Bxc3
{[%clk 0:48:42]} Bxf5 {[%clk 1:02:40]} 26. b4 {[%clk 0:49:03]} a4 {[%clk
1:00:01]} 27. f3 {[%clk 0:45:22]} exf3 {[%clk 1:00:05]} 28. exf3 {[%clk 0:43:23]}
Na7 {[%clk 0:56:57]} 29. Bf1 {[%clk 0:28:39]} c6 {[%clk 0:49:18]} 30. Bd4 {[%clk
0:27:00]} Nb5 {[%clk 0:49:09]} 31. Bxb5 {[%clk 0:26:30]} cxb5 {[%clk 0:49:38]}
32. Rc5 {[%clk 0:26:44]} Bd3 {[%clk 0:49:47]} 33. Kf2 {[%clk 0:26:57]} Bc4 {[%clk
0:48:31]} 34. Kg3 {[%clk 0:27:02]} Kf7 {[%clk 0:48:06]} 35. h5 {[%clk 0:27:18]}
Ke6 {[%clk 0:46:10]} 36. Rg5 {[%clk 0:26:38]} Rd5 {[%clk 0:42:10]} 37. Rxg7
{[%clk 0:24:04]} Rxh5 {[%clk 0:42:34]} 38. Rxb7 {[%clk 0:24:13]} Rg5+ {[%clk
0:41:15]} 39. Kf2 {[%clk 0:24:33]} Rh5 {[%clk 0:41:13]} 40. e4 {[%clk 0:20:50]}
Rh2+ {[%clk 0:38:10]} 41. Kg3 {[%clk 0:20:56]} Ra2 {[%clk 0:38:35]} 42. f4 {[%clk
0:21:04]} Rxa3+ {[%clk 0:37:57]} 43. Kg4 {[%clk 0:20:17]} Be2+ {[%clk 0:37:10]}
44. Kg5 {[%clk 0:20:27]} Rg3+ {[%clk 0:34:54]} 45. Kh6 {[%clk 0:20:18]} Bd3
{[%clk 0:34:04]} 46. f5+ {[%clk 0:19:58]} Kd6 {[%clk 0:34:32]} 47. f6 {[%clk
0:15:46]} Rf3 {[%clk 0:25:36]} 48. f7 {[%clk 0:12:27]} Bc4 {[%clk 0:25:03]} 49.
Kg7 {[%clk 0:11:43]} Rg3+ {[%clk 0:24:14]} 50. Kxh7 {[%clk 0:11:41]} Bxf7 {[%clk
0:24:36]} 51. Rxf7 {[%clk 0:12:06]} Rg4 {[%clk 0:24:59]} 52. e5+ {[%clk 0:11:03]}
Kd5 {[%clk 0:24:29]} 53. Rd7+ {[%clk 0:11:06]} Kc4 {[%clk 0:23:32]} 54. Bc5
{[%clk 0:09:37]} a3 {[%clk 0:21:00]} 55. e6 {[%clk 0:09:43]} a2 {[%clk 0:18:03]}
56. Ra7 {[%clk 0:09:37]} Re4 {[%clk 0:18:30]} 57. e7 {[%clk 0:09:31]} Kb3 {[%clk
0:18:57]} 58. Kg6 {[%clk 0:09:48]} Kb2 {[%clk 0:19:00]} 59. Kf7 {[%clk 0:10:08]}
a1Q {[%clk 0:18:52]} 60. Rxa1 {[%clk 0:10:22]} 1-0

[Event "9th Vellmar Chess Days"]
[Site "chess24.com"]
[Date "2017.07.14"]
[Round "3"]
[White "Schnepp, Gunnar"]
[Black "Koenig, Marco, Dr."]
[Result "1/2-1/2"]
[Board "2"]
[WhiteElo "2348"]
[WhiteTitle "FM"]
[WhiteCountry "AUT"]
[WhiteFideId "1604503"]
[WhiteEloChange "-7"]
[BlackElo "2068"]
[BlackCountry "GER"]
[BlackFideId "24643076"]
[BlackEloChange "7"]

1. d4 {[%clk 1:30:58]} d5 {[%clk 1:30:37]} 2. c4 {[%clk 1:31:24]} e6 {[%clk
1:30:45]} 3. Nf3 {[%clk 1:31:43]} Nf6 {[%clk 1:30:35]} 4. g3 {[%clk 1:32:06]} c5
{[%clk 1:30:08]} 5. cxd5 {[%clk 1:32:22]} exd5 {[%clk 1:30:27]} 6. Bg2 {[%clk
1:32:36]} Nc6 {[%clk 1:30:48]} 7. O-O {[%clk 1:32:58]} Be7 {[%clk 1:30:26]} 8.
dxc5 {[%clk 1:33:15]} Bxc5 {[%clk 1:30:47]} 9. Qc2 {[%clk 1:33:28]} Be7 {[%clk
1:28:09]} 10. Nc3 {[%clk 1:33:27]} O-O {[%clk 1:26:26]} 11. Rd1 {[%clk 1:33:36]}
Qa5 {[%clk 1:18:18]} 12. Be3 {[%clk 0:56:25]} Be6 {[%clk 1:12:50]} 13. h3 {[%clk
0:46:31]} Rac8 {[%clk 1:11:16]} 14. a3 {[%clk 0:42:15]} Rfd8 {[%clk 1:03:47]} 15.
Nd4 {[%clk 0:42:06]} Nxd4 {[%clk 0:54:37]} 16. Bxd4 {[%clk 0:42:33]} Qc7 {[%clk
0:51:48]} 17. Qd3 {[%clk 0:37:27]} b6 {[%clk 0:44:28]} 18. Rac1 {[%clk 0:28:13]}
Qd7 {[%clk 0:43:25]} 19. Kh2 {[%clk 0:13:46]} 1/2-1/2

[Event "9th Vellmar Chess Days"]
[Site "chess24.com"]
[Date "2017.07.14"]
[Round "3"]
[White "Oppitz, Peter"]
[Black "Dorst, Johannes"]
[Result "1/2-1/2"]
[Board "3"]
[WhiteElo "2136"]
[WhiteTitle "CM"]
[WhiteCountry "GER"]
[WhiteFideId "4605500"]
[WhiteEloChange "1"]
[BlackElo "2180"]
[BlackTitle "FM"]
[BlackCountry "GER"]
[BlackFideId "4650433"]
[BlackEloChange "-1"]

1. e4 {[%clk 1:30:58]} c5 {[%clk 1:30:57]} 2. Nf3 {[%clk 1:31:17]} e6 {[%clk
1:31:21]} 3. Nc3 {[%clk 1:31:07]} Nc6 {[%clk 1:31:23]} 4. d4 {[%clk 1:31:23]}
cxd4 {[%clk 1:31:48]} 5. Nxd4 {[%clk 1:31:48]} Qc7 {[%clk 1:32:13]} 6. g3 {[%clk
1:31:35]} a6 {[%clk 1:32:36]} 7. Bg2 {[%clk 1:31:55]} Nf6 {[%clk 1:33:01]} 8. O-O
{[%clk 1:32:07]} h5 {[%clk 1:33:26]} 9. h3 {[%clk 1:29:52]} Bc5 {[%clk 1:33:49]}
10. Be3 {[%clk 1:27:39]} Ne5 {[%clk 1:33:49]} 11. Qe2 {[%clk 1:27:08]} d6 {[%clk
1:19:41]} 12. a4 {[%clk 1:23:08]} Bd7 {[%clk 1:17:56]} 13. Rad1 {[%clk 1:18:28]}
Ba7 {[%clk 1:09:57]} 14. Kh1 {[%clk 1:16:01]} Qc4 {[%clk 1:04:05]} 15. Qxc4
{[%clk 1:13:11]} Nxc4 {[%clk 1:04:28]} 16. Bc1 {[%clk 1:13:36]} Rc8 {[%clk
0:59:38]} 17. b3 {[%clk 1:12:22]} Ne5 {[%clk 0:55:52]} 18. Bb2 {[%clk 1:12:36]}
h4 {[%clk 0:54:45]} 19. g4 {[%clk 1:02:50]} Nfxg4 {[%clk 0:51:19]} 20. hxg4
{[%clk 1:02:33]} h3 {[%clk 0:51:43]} 21. f3 {[%clk 1:02:20]} Ng6 {[%clk 0:48:26]}
22. Nde2 {[%clk 1:00:27]} Be3 {[%clk 0:41:39]} 23. Bxh3 {[%clk 0:59:00]} Rxh3+
{[%clk 0:41:57]} 24. Kg2 {[%clk 0:59:24]} Rh4 {[%clk 0:41:16]} 25. Rxd6 {[%clk
0:58:52]} Nf4+ {[%clk 0:41:18]} 26. Nxf4 {[%clk 0:57:24]} Bxf4 {[%clk 0:41:42]}
27. Rd3 {[%clk 0:53:28]} Rh2+ {[%clk 0:42:02]} 28. Kg1 {[%clk 0:53:53]} Rxc2
{[%clk 0:42:08]} 29. Rf2 {[%clk 0:53:59]} Rxf2 {[%clk 0:39:49]} 30. Kxf2 {[%clk
0:54:26]} Be5 {[%clk 0:38:02]} 31. Ke2 {[%clk 0:46:36]} b5 {[%clk 0:31:55]} 32.
axb5 {[%clk 0:45:48]} axb5 {[%clk 0:31:58]} 33. Nd1 {[%clk 0:44:44]} Bf4 {[%clk
0:30:15]} 34. Bxg7 {[%clk 0:36:39]} Rc2+ {[%clk 0:30:11]} 35. Kf1 {[%clk
0:37:02]} f5 {[%clk 0:25:06]} 36. Ne3 {[%clk 0:29:26]} Rc1+ {[%clk 0:25:02]} 37.
Kf2 {[%clk 0:29:41]} fxe4 {[%clk 0:23:53]} 38. fxe4 {[%clk 0:29:58]} Bc6 {[%clk
0:22:46]} 39. Kf3 {[%clk 0:26:31]} Bg5 {[%clk 0:20:08]} 40. Be5 {[%clk 0:20:02]}
Rh1 {[%clk 0:19:16]} 41. Bg3 {[%clk 0:11:39]} 1/2-1/2

[Event "9th Vellmar Chess Days"]
[Site "chess24.com"]
[Date "2017.07.14"]
[Round "3"]
[White "Viebahn, Dirk"]
[Black "Hehn, Hartmut"]
[Result "1/2-1/2"]
[Board "4"]
[WhiteElo "2164"]
[WhiteCountry "GER"]
[WhiteFideId "4660790"]
[WhiteEloChange "-4"]
[BlackElo "2012"]
[BlackCountry "GER"]
[BlackFideId "4629027"]
[BlackEloChange "4"]

1. Nf3 {[%clk 1:30:57]} f5 {[%clk 1:30:18]} 2. d4 {[%clk 1:29:44]} Nf6 {[%clk
1:30:06]} 3. g3 {[%clk 1:28:19]} g6 {[%clk 1:30:28]} 4. Bg2 {[%clk 1:28:37]} Bg7
{[%clk 1:30:52]} 5. c4 {[%clk 1:28:00]} O-O {[%clk 1:30:06]} 6. Nc3 {[%clk
1:27:48]} d6 {[%clk 1:30:28]} 7. O-O {[%clk 1:22:23]} Nc6 {[%clk 1:30:30]} 8. b3
{[%clk 1:12:42]} e5 {[%clk 1:21:38]} 9. dxe5 {[%clk 1:05:08]} dxe5 {[%clk
1:20:26]} 10. Ba3 {[%clk 1:01:00]} Re8 {[%clk 1:20:41]} 11. Qxd8 {[%clk 0:56:17]}
Rxd8 {[%clk 1:19:05]} 12. Rad1 {[%clk 0:55:28]} Bd7 {[%clk 1:12:43]} 13. Nd5
{[%clk 0:50:29]} e4 {[%clk 1:09:38]} 14. Ng5 {[%clk 0:45:51]} h6 {[%clk 1:08:14]}
15. Nh3 {[%clk 0:46:09]} Nxd5 {[%clk 1:08:04]} 16. cxd5 {[%clk 0:45:12]} Nd4
{[%clk 1:06:32]} 17. e3 {[%clk 0:44:15]} Ne2+ {[%clk 1:06:00]} 18. Kh1 {[%clk
0:44:39]} Nc3 {[%clk 1:06:13]} 19. Rd2 {[%clk 0:38:57]} Bb5 {[%clk 1:05:16]} 20.
Rc1 {[%clk 0:37:47]} Rxd5 {[%clk 1:04:34]} 21. Rxd5 {[%clk 0:38:03]} Nxd5 {[%clk
1:04:58]} 22. Bf1 {[%clk 0:28:16]} Bxf1 {[%clk 1:02:13]} 23. Rxf1 {[%clk
0:28:44]} g5 {[%clk 0:55:50]} 24. Rd1 {[%clk 0:26:30]} c6 {[%clk 0:56:13]} 25.
Ng1 {[%clk 0:26:46]} Kf7 {[%clk 0:56:05]} 26. Ne2 {[%clk 0:27:03]} Be5 {[%clk
0:50:13]} 27. Bc5 {[%clk 0:25:34]} Ke6 {[%clk 0:46:07]} 28. h3 {[%clk 0:21:15]}
h5 {[%clk 0:46:12]} 29. Bd4 {[%clk 0:19:45]} b6 {[%clk 0:44:04]} 30. Bxe5 {[%clk
0:19:50]} Kxe5 {[%clk 0:44:14]} 31. Nd4 {[%clk 0:16:50]} Rc8 {[%clk 0:43:42]} 32.
a3 {[%clk 0:13:11]} f4 {[%clk 0:43:17]} 33. gxf4+ {[%clk 0:12:31]} gxf4 {[%clk
0:43:12]} 34. Nc2 {[%clk 0:03:18]} Rg8 {[%clk 0:38:10]} 35. Nd4 {[%clk 0:01:13]}
Rg6 {[%clk 0:36:26]} 36. Rg1 {[%clk 0:00:52]} Rxg1+ {[%clk 0:33:48]} 37. Kxg1
{[%clk 0:01:20]} Ne7 {[%clk 0:29:57]} 38. Ne2 {[%clk 0:01:22]} Nd5 {[%clk
0:28:07]} 39. Nd4 {[%clk 0:01:36]} fxe3 {[%clk 0:24:21]} 40. fxe3 {[%clk
0:01:54]} c5 {[%clk 0:20:34]} 41. Nc2 {[%clk 0:28:08]} b5 {[%clk 0:48:33]} 42.
Kf2 {[%clk 0:28:25]} h4 {[%clk 0:48:27]} 43. Ne1 {[%clk 0:27:55]} Ne7 {[%clk
0:48:39]} 44. Ng2 {[%clk 0:27:58]} Nf5 {[%clk 0:48:56]} 45. Ke2 {[%clk 0:26:40]}
a6 {[%clk 0:47:03]} 1/2-1/2